Statistiche per Capitali che contengono la lettera Y

Clicka qui per fare il quiz!

Statistiche generali

  • Questo quiz è stato fatto 35 volte
  • Il punteggio medio è 6 su 11

Statistiche sulle risposte

Numero di YCapitale% Corretto
1Yaren
73%
1Yamoussoukro
65%
1Niamey
62%
2Pyongyang
58%
1Tokyo
58%
1Yaoundé
58%
1Reykjavík
50%
2Naypyidaw
46%
1Port Moresby
46%
1Conakry
27%
1Sri Jayawardenapura Kotte
27%

Distribuzione punteggi

Percentile per numero di risposta

Percentuale di utenti per punteggio

I tuoi punteggi nel tempo

Non hai fatto questo quiz